Music Quiz

Random Music or Rock Quiz

Plane Crash or Overdose? Quiz Stats

 Plays Quiz Updated Feb 2, 2016

Also try: Untimely Deaths
Challenge
Share
Tweet
Embed
Score 0/30 Timer 03:00
4 Plays Today
Musician (P)lane crash or (O)verdose % Correct
Elvis Presley???
92.5%
Jimi Hendrix???
92.2%
Jim Morrison???
90%
Janis Joplin???
89.8%
Sid Vicious???
88%
Keith Moon???
85.6%
Buddy Holly???
82.3%
Ike Turner???
81.8%
Dee Dee Ramone???
79.2%
John Denver???
76.5%
Ritchie Valens???
76.2%
The Big Bopper???
73.9%
John Entwistle???
72.9%
The Rev (Avenged Sevenfold)???
72.2%
Layne Staley???
70.4%
Musician (P)lane crash or (O)verdose % Correct
Aaliyah???
70.3%
Glenn Miller???
65.9%
Hillel Slovak???
65.8%
Mike Bloomfield???
62.7%
Gram Parsons???
62.6%
Alan Wilson???
61.8%
Ricky Nelson???
60.3%
Patsy Cline???
59.6%
Ronnie Van Zant???
57.4%
Stevie Ray Vaughan???
57.1%
Jim Croce???
56.1%
Frankie Lymon???
55.7%
Otis Redding???
52.5%
Jim Reeves???
49.2%
Randy Rhoads???
45.6%

You're not logged in!

Compare scores with friends on all Sporcle quizzes.
OR
Log In

You Might Also Like...

Show Comments

Extras

Top Quizzes Today


Score Distribution

Your Account Isn't Verified!

In order to create a playlist on Sporcle, you need to verify the email address you used during registration. Go to your Sporcle Settings to finish the process.

Report this User

Report this user for behavior that violates our Community Guidelines.

Details: